Be your own astrologer ascendant leo : (Record no. 37975)

MARC details
000 -LEADER
fixed length control field 00799nam a22002057a 4500
005 - DATE AND TIME OF LATEST TRANSACTION
control field 20100727160053.0
010 ## - LCCN (DPL NO)
LC control number ENG-96910
020 ## - INTERNATIONAL STANDARD BOOK NUMBER
International Standard Book Number 8128809458
Terms of availability 150.00
020 ## - INTERNATIONAL STANDARD BOOK NUMBER
International Standard Book Number 9798128809452
Terms of availability 150.00
035 ## - SYSTEM CONTROL NUMBER
System control number EN-80443
037 ## - SOURCE OF ACQUISITION
Source of stock number/acquisition DBAD/PUB
082 ## - DEWEY DECIMAL CLASSIFICATION NUMBER
Classification number 133.5272
100 ## - MAIN ENTRY--PERSONAL NAME
Personal name Dwivedi, Bhojraj
245 ## - TITLE STATEMENT
Title Be your own astrologer ascendant leo :
Remainder of title a comprehensive introduction /
Statement of responsibility, etc by Bhojraj Dwivedi
260 ## - PUBLICATION, DISTRIBUTION, ETC. (IMPRINT)
Place of publication, distribution, etc New Delhi
Name of publisher, distributor, etc Diamond Books
Date of publication, distribution, etc 2009
270 ## - ADDRESS
Address X-30, Okhla Industrial Area, Phase - II
City New Delhi
Postal code 110020
300 ## - PHYSICAL DESCRIPTION
Extent 197p.:
Other physical details ill.
Dimensions 21cm, (pbk)
Accompanying material b&w photos
942 ## - ADDED ENTRY ELEMENTS (KOHA)
Source of classification or shelving scheme Dewey Decimal Classification
Item type English Books
Classification part 133.5272
Call number suffix DWI
Holdings
Withdrawn status Lost status Not for loan Collection code Home library Current library Date acquired Source of acquisition Cost, normal purchase price Full call number Barcode Copy number Cost, replacement price Koha item type
    Not For Loan Non-fiction D.B.Act.Division D.B.Act.Division 27/07/2010 DBAD/PUB 150.00 133.5272 DWI EN-80443 1 150.00 English Books

© Delhi Public Library
Hit Counter
free hit counter